载入...
The living tradition /
| 主要作者: | |
|---|---|
| 格式: | Printed Book |
| 语言: | English |
| 出版: |
Calcutta :
Seagull Books,
1987.
|
| 主题: |
| LEADER | 00532 a2200157 4500 | ||
|---|---|---|---|
| 008 | 150103s9999 000 0 eng | ||
| 020 | |a 8170460220 : | ||
| 082 | 0 | 0 | |a 700.954 |
| 100 | 1 | |a Subramanyan, K. G. | |
| 245 | 1 | 4 | |a The living tradition / |
| 260 | |a Calcutta : |b Seagull Books, |c 1987. | ||
| 300 | |a 96 p., [8] p. of plates : | ||
| 650 | 0 | |a Art, Indic | |
| 942 | |c BK | ||
| 999 | |c 304576 |d 304576 | ||
| 952 | |0 0 |1 0 |2 ddc |4 0 |6 700_954000000000000_SUB_LI |7 0 |9 349080 |a DRA |b DRA |c ST1 |d 2011-07-27 |i 5190 |l 0 |o 700.954 SUB/LI |p DRA5190 |r 2019-01-03 |w 2019-01-03 |y BK | ||